Normal view
MARC view
- Shahzad Khan
Entry Personal Name
001 - CONTROL NUMBER
- control field: 31095
003 - CONTROL NUMBER IDENTIFIER
- control field: NUST
005 - DATE AND TIME OF LATEST TRANSACTION
- control field: 20201001100758.0
008 - FIXED-LENGTH DATA ELEMENTS
- fixed length control field: 201001|| aca||aabn | a|a d
040 ## - CATALOGING SOURCE
- Original cataloging agency: NUST
- Transcribing agency: NUST
100 ## - HEADING--PERSONAL NAME
- Personal name: Shahzad Khan
670 ## - SOURCE DATA FOUND
- Source citation: Work cat.: (NUST): Mustafa, Fouad 31094, Preposition Sense Disambiguation & Conversion of Romanizes Urdu Text to Speech for Expert Systems Based Machine Translation from English to Urdu / , 2004.
